Loading...
| Fine Arts - Classical Music and Opera | 0 | 7 | 0 | 0 | 70 | 89 | 109.71 | 0 | 2 | 0.00 | 0.00 |
| Literature - American | 0 | 6 | 0 | 0 | 60 | 99 | 131.67 | 0 | 2 | 0.00 | 0.00 |
| Literature - British | 1 | 3 | 0 | 2 | 45 | 57 | 118.25 | 1 | 2 | 0.00 | 0.00 |
| Literature - European | 0 | 4 | 0 | 0 | 40 | 121 | 138.75 | 0 | 0 | 0.00 | 0.00 |
| History - American | 1 | 1 | 0 | 0 | 25 | 99 | 115.00 | 0 | 0 | 0.00 | 0.00 |
| Fine Arts - Painting and Sculpture | 0 | 2 | 0 | 1 | 20 | 86 | 116.50 | 0 | 1 | 0.00 | 0.00 |
| History - World | 0 | 2 | 0 | 1 | 20 | 143 | 144.50 | 0 | 0 | 0.00 | 0.00 |
| Fine Arts - Other Arts | 0 | 2 | 0 | 2 | 20 | 143 | 143.50 | 0 | 0 | 0.00 | 0.00 |
| Religion | 0 | 2 | 0 | 1 | 20 | 158 | 158.50 | 0 | 0 | 0.00 | 0.00 |
| History - European | 0 | 1 | 0 | 1 | 10 | 153 | 153.00 | 0 | 0 | 0.00 | 0.00 |
| Geography | 0 | 1 | 0 | 0 | 10 | 149 | 149.00 | 0 | 0 | 0.00 | 0.00 |
| History - Other | 0 | 1 | 0 | 0 | 10 | 101 | 101.00 | 0 | 0 | 0.00 | 0.00 |
| Social Science | 0 | 1 | 0 | 1 | 10 | 137 | 137.00 | 0 | 1 | 0.00 | 0.00 |
| Other Academic | 0 | 1 | 0 | 1 | 10 | 131 | 131.00 | 0 | 0 | 0.00 | 0.00 |
| Other Culture | 0 | 1 | 0 | 0 | 10 | 111 | 111.00 | 0 | 0 | 0.00 | 0.00 |
| Literature - World | 0 | 1 | 1 | 0 | 5 | 137 | 137.00 | 0 | 0 | 0.00 | 0.00 |
| Science - Biology | 0 | 0 | 0 | 0 | 0 | 0.00 | 0 | 0 | 0.00 | 0.00 |